[Event "St Petersburg-ch sf (Women)"]
[Site "St Petersburg"]
[Date "2013.02.03"]
[Round "9"]
[White "Pavlova, Vitalia"]
[Black "Nesterova, Dariya"]
[Result "0-1"]
[WhiteElo "1644"]
[BlackElo "1697"]
[PlyCount "38"]
[EventDate "2013.01.26"]
[EventType "swiss"]
[EventRounds "9"]
[EventCountry "RUS"]
[SourceTitle "CBM 152 Extra"]
[Source "ChessBase"]
[SourceDate "2013.02.25"]
[SourceVersion "1"]
[SourceVersionDate "2013.02.25"]
[SourceQuality "1"]

1. f4 e5 2. fxe5 d6 3. Nf3 Bg4 4. exd6 Bxd6 5. e4 Qe7 6. d3 Nc6 7. Nbd2 0-0-0 8. c3 f5 9. Qe2 Nf6 10. b3 Rhe8 11. Bb2 fxe4 12. dxe4 Nxe4 13. 0-0-0 Bf4 14. Qc4 Bxd2+ 15. Rxd2 Rxd2 16. Nxd2 Qg5 17. Qf7 Qxd2+ 18. Kb1 Nxc3+ 19. Bxc3 Re1# 0-1

[Event "St Petersburg-ch sf (Women)"]
[Site "St Petersburg"]
[Date "2013.02.01"]
[Round "7"]
[White "Degoda, Evgenia"]
[Black "Pavlova, Vitalia"]
[Result "1-0"]
[WhiteElo "1556"]
[BlackElo "1644"]
[PlyCount "61"]
[EventDate "2013.01.26"]
[EventType "swiss"]
[EventRounds "9"]
[EventCountry "RUS"]
[SourceTitle "CBM 152 Extra"]
[Source "ChessBase"]
[SourceDate "2013.02.25"]
[SourceVersion "1"]
[SourceVersionDate "2013.02.25"]
[SourceQuality "1"]

1. d4 f5 2. c4 Nf6 3. Nc3 e6 4. Bg5 c6 5. Nf3 d5 6. e3 Bd6 7. Rc1 0-0 8. Bd3 h6 9. Bxf6 Qxf6 10. Qb3 g5 11. g3 b6 12. h4 g4 13. Nd2 Bb7 14. cxd5 exd5 15. 0-0 Qe6 16. Rfe1 Qf7 17. e4 fxe4 18. Ncxe4 dxe4 19. Bc4 c5 20. Bxf7+ Rxf7 21. Nxe4 Bxe4 22. Rxe4 Na6 23. Rxg4+ Kf8 24. dxc5 Bxc5 25. Rf4 Rxf4 26. gxf4 Re8 27. Qd3 Nb4 28. Qf5+ Kg7 29. a3 Nc6 30. Qd7+ Ne7 31. Qxe8 1-0

[Event "St Petersburg-ch sf (Women)"]
[Site "St Petersburg"]
[Date "2013.01.26"]
[Round "1"]
[White "Kolesnikova, Kristina"]
[Black "Pavlova, Vitalia"]
[Result "1/2-1/2"]
[WhiteElo "1965"]
[BlackElo "1644"]
[PlyCount "135"]
[EventDate "2013.01.26"]
[EventType "swiss"]
[EventRounds "9"]
[EventCountry "RUS"]
[SourceTitle "CBM 152 Extra"]
[Source "ChessBase"]
[SourceDate "2013.02.25"]
[SourceVersion "1"]
[SourceVersionDate "2013.02.25"]
[SourceQuality "1"]

1. e4 e6 2. d4 d5 3. e5 c5 4. c3 Qb6 5. Nf3 Nc6 6. Bd3 cxd4 7. cxd4 Bd7 8. 0-0 Be7 9. Nc3 Nxd4 10. Nxd4 Qxd4 11. Nb5 Qxe5 12. Be3 Qb8 13. Rc1 Bc6 14. f4 Nf6 15. Bd4 0-0 16. Rf3 a6 17. Nc3 Qd8 18. Rh3 g6 19. g4 Nd7 20. Ne2 Bf6 21. Bxf6 Qxf6 22. Qe1 Qxb2 23. Rc3 Qb6+ 24. Kf1 Qd8 25. g5 f5 26. Nd4 e5 27. Ne6 Qe7 28. Nxf8 Rxf8 29. fxe5 Qxe5 30. Qh4 Rf7 31. Bxa6 bxa6 32. Rxc6 Qa1+ 33. Qe1 Qxa2 34. Rc8+ Nf8 35. Qc3 Qb1+ 36. Kf2 Qe4 37. Qe3 Re7 38. Qxe4 dxe4 39. Ra8 Kg7 40. Rxa6 Ne6 41. Ra5 Nxg5 42. Rg3 Kf6 43. Ra6+ Ne6 44. Rb3 Kg7 45. Rc3 Nd4 46. Ke3 Nf3 47. h3 g5 48. Ra4 f4+ 49. Kf2 Kf6 50. Ra6+ Kg7 51. Rc5 Ne5 52. Rd5 e3+ 53. Ke2 h6 54. Rdd6 f3+ 55. Kxe3 Nc4+ 56. Kxf3 Nxd6 57. Rxd6 Rf7+ 58. Kg4 Rf4+ 59. Kg3 h5 60. Ra6 Rf6 61. Ra4 Kg6 62. Rb4 Re6 63. Rb3 Re5 64. Rf3 h4+ 65. Kg2 Rf5 66. Rxf5 Kxf5 67. Kf3 Ke5 68. Ke3 1/2-1/2